00552nam a2200217Ia 4500008004100000020001800041100001300059245002200072245004600094260001500140260002000155260000900175300001500184300002700199300001100226440003700237440001200274650001500286650002500301700000800326160803s9999 xx 000 0 und d a9780590200271 aFox, Mem aWhoever you are / cby Mem Fox ; illustrated by Leslie Staub. aNew York : bScholastic Inc. c1997 a26 pages : bcolor illustrations ;  c25 cm. aReady-to-go classroom library.,  vGrade 1 aChildren-- xJuvenile literature. a280